Guide to the Companies Act, 19th Ed : Consolidated Table of Cases & Subject Index & Additional Reference Material Vol. 2 (Sections 128-246) (Record no. 19404)

MARC details
000 -LEADER
fixed length control field 00503nam a2200157Ia 4500
008 - FIXED-LENGTH DATA ELEMENTS--GENERAL INFORMATION
fixed length control field 221220s9999 xx 000 0 und d
020 ## - INTERNATIONAL STANDARD BOOK NUMBER
ISBN 978-93-8999-135-2
041 ## - LANGUAGE CODE
Language code of text/sound track or separate title
100 ## - MAIN ENTRY--AUTHOR NAME
Personal name A. Ramaiya
245 #0 - TITLE STATEMENT
Title Guide to the Companies Act, 19th Ed : Consolidated Table of Cases & Subject Index & Additional Reference Material Vol. 2 (Sections 128-246)
Statement of responsibility, etc by A. Ramaiya
250 ## - EDITION STATEMENT
Edition statement 19th
260 ## - PUBLICATION, DISTRIBUTION, ETC. (IMPRINT)
Name of publisher Lexis Nexis
Place of publication Haryana
Year of publication 2021
300 ## - PHYSICAL DESCRIPTION
Number of Pages 4538
650 ## - SUBJECT ADDED ENTRY--TOPICAL TERM
Topical Term Companies Act
942 ## - ADDED ENTRY ELEMENTS (KOHA)
Source of classification or shelving scheme
Koha item type Books
Holdings
Accession Number Cost, normal purchase price Bill Date Source of acquisition Price effective from Koha item type Withdrawn / writtenoff status Materials specified (bound volume or other part) Damaged status Not for loan Permanent Location Current Location Shelving location Date acquired Lost/ Missing status department
LLB 286 15995.00 81 ABD, Jammu 12/20/2022 Books   Print   Not For Loan MIET Library, Jammu MIET Library, Jammu 181/4     BBA LLB